The natural home /

Saved in:
Bibliographic Details
Main Author: Foley, Tricia.
Other Authors: Skott, Michael., Kirchner, Jill.
Format: Book
Language:English
Published: New York : Clarkson Potter, 1995.
Edition:1st ed.
Subjects:
Tags: Add Tag
No Tags, Be the first to tag this record!
LEADER 00820cam a2200289 a 4500
001 007787245-2
005 20020606104010.5
008 940615s1995 nyua 001 0 eng
010 |a  94022263  
020 |a 0517596687 :  |c $22.50 
035 0 |a ocm30783283 
040 |a DLC  |c DLC  |d FLL 
050 0 0 |a TX315  |b .F653 1995 
082 0 0 |a 645  |2 20 
100 1 |a Foley, Tricia. 
245 1 4 |a The natural home /  |c Tricia Foley ; photographs by Michael Skott ; text by Jill Kirchner. 
250 |a 1st ed. 
260 |a New York :  |b Clarkson Potter,  |c 1995. 
300 |a 96 p. :  |b col. ill. ;  |c 27 cm. 
500 |a Includes index. 
650 0 |a House furnishings. 
650 0 |a Interior decoration. 
650 0 |a Nature (Aesthetics) 
700 1 |a Skott, Michael. 
700 1 |a Kirchner, Jill. 
988 |a 20020608 
906 |0 DLC